[Event "Neckar op 20th"]
[Site "Deizisau"]
[Date "2023.04.08"]
[Round "4"]
[White "Lamprecht, Mark"]
[Black "Herm, Marcel"]
[Result "1/2-1/2"]
[WhiteElo "2185"]
[BlackElo "2000"]
[PlyCount "77"]
[EventDate "2023.04.06"]
[EventType "swiss"]
[EventRounds "9"]
[EventCountry "GER"]
[SourceTitle "CBM 213 Extra"]
[Source "ChessBase"]
[SourceDate "2023.05.31"]
[SourceVersion "1"]
[SourceVersionDate "2023.05.31"]
[SourceQuality "1"]

1. c4 e5 2. Nc3 Bb4 3. g3 Bxc3 4. bxc3 d6 5. Bg2 Ne7 6. e4 c5 7. Ne2 Nbc6 8. 0-0 Be6 9. d3 Qc8 10. f4 Bh3 11. f5 Bxg2 12. Kxg2 f6 13. g4 b6 14. Ng3 Qa6 15. a4 0-0-0 16. Bd2 Na5 17. Rb1 Kb8 18. Rb5 Ka8 19. Qf3 Nac6 20. Ra1 Rdf8 21. Nf1 Na5 22. Kh1 Qc8 23. Rab1 Qd7 24. Ne3 h5 25. gxh5 Qe8 26. Rg1 Rfg8 27. Be1 Rxh5 28. Bg3 Rh7 29. Rd1 Qc8 30. d4 Rd8 31. Qe2 Rhh8 32. Be1 Qc6 33. Nd5 Nxd5 34. cxd5 Qc7 35. dxc5 dxc5 36. c4 Nb7 37. Rdb1 Nd6 38. R5b3 Rb8 39. Bf2 1/2-1/2

[Event "Baden-ch 94th"]
[Site "Forst"]
[Date "2022.09.30"]
[Round "1"]
[White "Herm, Marcel"]
[Black "Eberhart, Erik"]
[Result "1/2-1/2"]
[WhiteElo "2070"]
[BlackElo "1869"]
[PlyCount "48"]
[EventDate "2022.09.30"]
[EventType "swiss"]
[EventRounds "7"]
[EventCountry "GER"]
[SourceTitle "CBM 210 Extra"]
[Source "ChessBase"]
[SourceDate "2022.11.30"]
[SourceVersion "1"]
[SourceVersionDate "2022.11.30"]
[SourceQuality "1"]

1. d4 Nf6 2. c4 g6 3. g3 Bg7 4. Bg2 d6 5. Nc3 0-0 6. Nf3 Na6 7. 0-0 c5 8. d5 Nc7 9. e4 e5 10. Ne1 Nfe8 11. Nd3 f5 12. f4 fxe4 13. Nxe4 exf4 14. Bxf4 Bf5 15. Rc1 b5 16. b3 a5 17. Kh1 b4 18. g4 Bxe4 19. Bxe4 a4 20. Bg3 Rxf1+ 21. Qxf1 Qg5 22. Nxc5 Qe3 23. Bf2 Qf4 24. Bg3 Qe3 1/2-1/2

[Event "GER-ch Net blitz qual1"]
[Site "Playchess.com INT"]
[Date "2021.04.24"]
[Round "2"]
[White "Michel, Steffen"]
[Black "Herm, Marcel"]
[Result "0-1"]
[WhiteElo "2115"]
[BlackElo "1778"]
[PlyCount "58"]
[EventDate "2021.04.24"]
[EventType "swiss (blitz)"]
[EventRounds "11"]
[EventCountry "GER"]
[SourceTitle "CBM 202 Extra"]
[Source "ChessBase"]
[SourceDate "2021.07.31"]
[SourceVersion "1"]
[SourceVersionDate "2021.07.31"]
[SourceQuality "1"]

1. d4 Nf6 2. Nc3 d5 3. Bf4 c5 4. e3 cxd4 5. exd4 a6 6. Nf3 Nc6 7. Be2 Bf5 8. Ne5 e6 9. g4 Bg6 10. h4 h5 11. Nxg6 fxg6 12. g5 Nd7 13. Bd3 Kf7 14. Qf3 Nxd4 15. Qg2 Bb4 16. Be3 Nf5 17. 0-0-0 Qa5 18. Nb1 Rac8 19. a3 Be7 20. Bxf5 gxf5 21. Bd2 Qc7 22. c3 g6 23. Rhe1 Rhd8 24. Qf3 Nc5 25. Qe2 Nb3+ 26. Kc2 Nd4+ 27. Kd3 Nxe2 28. Rxe2 Qc4+ 29. Kc2 Qxe2 0-1

[Event "GER-ch Net blitz qual1"]
[Site "Playchess.com INT"]
[Date "2021.04.24"]
[Round "11"]
[White "Toellner, Uwe"]
[Black "Herm, Marcel"]
[Result "0-1"]
[WhiteElo "2011"]
[BlackElo "1778"]
[PlyCount "178"]
[EventDate "2021.04.24"]
[EventType "swiss (blitz)"]
[EventRounds "11"]
[EventCountry "GER"]
[SourceTitle "CBM 202 Extra"]
[Source "ChessBase"]
[SourceDate "2021.07.31"]
[SourceVersion "1"]
[SourceVersionDate "2021.07.31"]
[SourceQuality "1"]

1. Nf3 d5 2. d4 Nf6 3. Bf4 e6 4. e3 Bd6 5. Ne5 0-0 6. Nd2 c5 7. c3 Qc7 8. Bd3 Nbd7 9. Nxd7 Bxd7 10. Bg5 Be7 11. Qf3 e5 12. dxe5 Qxe5 13. Bf4 Qh5 14. Qg3 Qg4 15. 0-0 Nh5 16. Qxg4 Bxg4 17. Be5 f6 18. Bg3 Nxg3 19. hxg3 Rfd8 20. Nf3 Bf8 21. Rfd1 g6 22. Rd2 Kg7 23. Rad1 Be6 24. Bc2 Rd7 25. Bb3 Rad8 26. Ne1 Bf7 27. Ba4 Rd6 28. Nd3 b6 29. Nf4 d4 30. exd4 cxd4 31. cxd4 g5 32. Ne2 h6 33. a3 f5 34. Bc2 Bg6 35. f4 Be7 36. Nc3 Bf6 37. Ne2 R6d7 38. Kf2 Rd6 39. Ke3 Re8+ 40. Kf2 Red8 41. Bb3 Bf7 42. Bxf7 Kxf7 43. Ke3 Re8+ 44. Kd3 Red8 45. Kc4 Re8 46. b3 Re3 47. a4 Rde6 48. Nc3 Rc6+ 49. Kb5 Rcxc3 50. b4 Rb3 51. d5 Ke7 52. d6+ Kd7 53. Rc2 Rbc3 54. Rxc3 Rxc3 55. Rd5 Rxg3 56. Rxf5 Bd8 57. fxg5 hxg5 58. Rd5 Rxg2 59. Ka6 g4 60. Kxa7 Ra2 61. Rd4 g3 62. Rg4 g2 63. Kb7 Kxd6 64. a5 bxa5 65. bxa5 Bxa5 66. Rg5 Bc3 67. Rg4 Be5 68. Rh4 Kd5 69. Rg4 Bd4 70. Rg5+ Kc4 71. Rg4 g1Q 72. Rxg1 Bxg1 73. Kc7 Rh2 74. Kd6 Rh5 75. Ke6 Kd4 76. Kf6 Ke4 77. Kg6 Ra5 78. Kf6 Bf2 79. Kg6 Kf4 80. Kf6 Ra6+ 81. Ke7 Ke5 82. Kd7 Rh6 83. Kc7 Kd5 84. Kb7 Kc5 85. Kc7 Rh7+ 86. Kd8 Kd6 87. Ke8 Ra7 88. Kf8 Ke6 89. Kg8 Kf6 0-1

[Event "GER-ch Net qual4 U18"]
[Site "Playchess.com INT"]
[Date "2012.09.12"]
[Round "7"]
[White "Evers, Annika"]
[Black "Herm, Marcel"]
[Result "1-0"]
[WhiteElo "1807"]
[BlackElo "1632"]
[PlyCount "97"]
[EventDate "2012.09.12"]
[EventType "swiss (blitz)"]
[EventRounds "7"]
[EventCountry "GER"]
[SourceTitle "CBM 150 Extra"]
[Source "ChessBase"]
[SourceDate "2012.10.19"]
[SourceVersion "1"]
[SourceVersionDate "2012.10.19"]
[SourceQuality "1"]

1. d4 Nf6 2. Nf3 g6 3. Bg5 Bg7 4. e3 0-0 5. Nbd2 c5 6. c3 d5 7. Bd3 c4 8. Bc2 Bf5 9. Bxf5 gxf5 10. Qc2 e6 11. 0-0-0 b5 12. Ne5 a5 13. h4 b4 14. h5 bxc3 15. bxc3 h6 16. Bxf6 Qxf6 17. g4 f4 18. Rdg1 Qg5 19. Ndf3 Qe7 20. g5 Qa3+ 21. Kb1 Kh8 22. gxh6 Bxh6 23. Ng5 Bxg5 24. Rxg5 Qe7 25. Rhg1 Nd7 26. Rg7 Nf6 27. Ng6+ Kxg7 28. Nxe7+ Kh6 29. exf4 Ne4 30. f3 Rab8+ 31. Kc1 Nf6 32. Qg2 Rg8 33. Nxg8+ Rxg8 34. Qxg8 Nxg8 35. Rxg8 Kxh5 36. Kd2 f6 37. Ke3 e5 38. fxe5 fxe5 39. dxe5 a4 40. f4 d4+ 41. cxd4 c3 42. Kd3 a3 43. Kxc3 Kh6 44. f5 Kh7 45. Rg1 Kh6 46. f6 Kh7 47. f7 Kh6 48. f8Q+ Kh5 49. Qh8# 1-0

[Event "GER-ch Net qual4 U18"]
[Site "Playchess.com INT"]
[Date "2012.09.12"]
[Round "3"]
[White "Hamid, Emran"]
[Black "Herm, Marcel"]
[Result "1-0"]
[WhiteElo "1806"]
[BlackElo "1632"]
[PlyCount "61"]
[EventDate "2012.09.12"]
[EventType "swiss (blitz)"]
[EventRounds "7"]
[EventCountry "GER"]
[SourceTitle "CBM 150 Extra"]
[Source "ChessBase"]
[SourceDate "2012.10.19"]
[SourceVersion "1"]
[SourceVersionDate "2012.10.19"]
[SourceQuality "1"]

1. e4 c5 2. d4 e6 3. d5 exd5 4. exd5 d6 5. Nf3 Nf6 6. Bg5 Be7 7. c4 0-0 8. Nc3 Re8 9. Be2 Bg4 10. 0-0 Nbd7 11. Bf4 Nh5 12. Bg3 Nxg3 13. hxg3 Bxf3 14. Bxf3 Ne5 15. Be2 Bf6 16. Ne4 Ng6 17. Bd3 Bd4 18. Qc2 Re5 19. Nd2 Rh5 20. Nf3 Bf6 21. Qd2 Ne5 22. Be2 Rh6 23. Rab1 Nxf3+ 24. Bxf3 a5 25. a3 Bg5 26. Qc3 Bf6 27. Qd2 Bd4 28. Rfe1 Qf6 29. Re4 Qg6 30. Rbe1 Qxg3 31. Re8+ 1-0

[Event "GER-ch Net qual4 U18"]
[Site "Playchess.com INT"]
[Date "2012.09.12"]
[Round "2"]
[White "Herm, Marcel"]
[Black "Mueller, Nick"]
[Result "0-1"]
[WhiteElo "1632"]
[BlackElo "2123"]
[PlyCount "32"]
[EventDate "2012.09.12"]
[EventType "swiss (blitz)"]
[EventRounds "7"]
[EventCountry "GER"]
[SourceTitle "CBM 150 Extra"]
[Source "ChessBase"]
[SourceDate "2012.10.19"]
[SourceVersion "1"]
[SourceVersionDate "2012.10.19"]
[SourceQuality "1"]

1. e4 c6 2. e5 d6 3. exd6 exd6 4. d4 Nf6 5. Bd3 d5 6. Ne2 Bd6 7. 0-0 0-0 8. Bf4 Bg4 9. Bxd6 Qxd6 10. f3 Bh5 11. Ng3 Bg6 12. c3 Nbd7 13. Re1 Rae8 14. Bxg6 hxg6 15. Nd2 Qf4 16. Qb3 Qxd2 0-1

[Event "GER-ch Net qual1 U18"]
[Site "Playchess.com INT"]
[Date "2012.09.01"]
[Round "5"]
[White "Herm, Marcel"]
[Black "Schoepe, Tobias"]
[Result "1-0"]
[WhiteElo "1548"]
[BlackElo "1940"]
[PlyCount "71"]
[EventDate "2012.09.01"]
[EventType "swiss (blitz)"]
[EventRounds "7"]
[EventCountry "GER"]
[SourceTitle "CBM 150 Extra"]
[Source "ChessBase"]
[SourceDate "2012.10.19"]
[SourceVersion "1"]
[SourceVersionDate "2012.10.19"]
[SourceQuality "1"]

1. e4 e6 2. d4 d5 3. Nc3 Nf6 4. Bg5 Be7 5. e5 Nfd7 6. h4 a6 7. Qd3 c5 8. Nf3 Nc6 9. 0-0-0 c4 10. Qe3 b5 11. Bxe7 Qxe7 12. h5 b4 13. Ne2 a5 14. h6 g6 15. c3 bxc3 16. Qxc3 Nb4 17. Kb1 Rb8 18. Nf4 Ba6 19. Nh2 Nb6 20. Qa3 Bb5 21. Qxa5 Na4 22. Ng4 Kf8 23. Nf6 c3 24. Bxb5 c2+ 25. Ka1 cxd1Q+ 26. Rxd1 Nc2+ 27. Kb1 Na3+ 28. Kc1 Nxb5 29. Qxa4 Qc7+ 30. Kd2 Ke7 31. Rc1 Qa7 32. Qb4+ Kd8 33. Ke3 Qxa2 34. Nh3 Qa7 35. Ng5 Qe7 36. Qa5+ 1-0

[Event "Baden-ch U16"]
[Site "Karlsruhe Durlach"]
[Date "2012.01.05"]
[Round "7"]
[White "Schell, Felix"]
[Black "Herm, Marcel"]
[Result "1-0"]
[WhiteElo "1788"]
[BlackElo "1539"]
[PlyCount "73"]
[EventDate "2012.01.02"]
[EventType "swiss"]
[EventRounds "7"]
[EventCountry "GER"]
[SourceTitle "EXT 2015"]
[Source "ChessBase"]
[SourceDate "2014.11.20"]
[SourceVersion "1"]
[SourceVersionDate "2014.11.20"]
[SourceQuality "1"]

1. e4 c5 2. Nf3 d6 3. d4 cxd4 4. Nxd4 Nf6 5. Nc3 g6 6. f4 Nc6 7. Be3 Bg7 8. Be2 0-0 9. 0-0 Bd7 10. Qd2 a6 11. Rad1 b5 12. Bf3 Rc8 13. e5 b4 14. exf6 bxc3 15. fxe7 cxd2 16. exd8Q Rfxd8 17. Nxc6 Bxc6 18. Bxc6 Rxc6 19. c3 Re8 20. Kf2 a5 21. Rxd2 a4 22. a3 Bxc3 23. bxc3 Rxc3 24. Re1 Rxa3 25. Rxd6 Ra8 26. Red1 Kg7 27. Rd8 Ra6 28. Bd4+ f6 29. Bc5 Rb3 30. Bf8+ Kf7 31. R1d7+ Ke6 32. Re7+ Kf5 33. Rd5+ Kxf4 34. g3+ Rxg3 35. hxg3+ Kg4 36. Re4+ Kh3 37. Rh4# 1-0

[Event "Baden-ch U16"]
[Site "Karlsruhe Durlach"]
[Date "2012.01.02"]
[Round "2"]
[White "Dieterle, Patrick"]
[Black "Herm, Marcel"]
[Result "1/2-1/2"]
[WhiteElo "1381"]
[BlackElo "1539"]
[PlyCount "90"]
[EventDate "2012.01.02"]
[EventType "swiss"]
[EventRounds "7"]
[EventCountry "GER"]
[SourceTitle "EXT 2015"]
[Source "ChessBase"]
[SourceDate "2014.11.20"]
[SourceVersion "1"]
[SourceVersionDate "2014.11.20"]
[SourceQuality "1"]

1. d4 Nf6 2. c4 g6 3. Nc3 d5 4. Bg5 Ne4 5. Bf4 Nxc3 6. bxc3 dxc4 7. e3 Be6 8. Rb1 Bd5 9. Nf3 Nd7 10. Nd2 Nb6 11. e4 Be6 12. d5 Bc8 13. Nxc4 Bg7 14. Be5 f6 15. Bd4 0-0 16. Be2 Re8 17. 0-0 e6 18. Nxb6 axb6 19. Bc4 Qd6 20. Qb3 Bd7 21. f3 Ra5 22. Rfd1 b5 23. dxe6 Bxe6 24. Bxe6+ Qxe6 25. Qxe6+ Rxe6 26. Rd2 Rd6 27. Rdb2 b6 28. Rxb5 Rxa2 29. Rd5 Rxd5 30. exd5 Bf8 31. Bxf6 Bc5+ 32. Bd4 Bxd4+ 33. cxd4 Rd2 34. Rc1 Rxd4 35. Rxc7 Rxd5 36. Rb7 Rb5 37. Kf2 Rb2+ 38. Kg3 b5 39. h4 b4 40. Kh3 b3 41. g4 Rb1 42. Kg3 b2 43. Kf4 h6 44. h5 Rh1 45. Rxb2 gxh5 1/2-1/2

[Event "Baden-ch U16"]
[Site "Karlsruhe Durlach"]
[Date "2012.01.02"]
[Round "1"]
[White "Herm, Marcel"]
[Black "Jaeschke, Felix"]
[Result "0-1"]
[WhiteElo "1539"]
[BlackElo "1989"]
[PlyCount "68"]
[EventDate "2012.01.02"]
[EventType "swiss"]
[EventRounds "7"]
[EventCountry "GER"]
[SourceTitle "EXT 2015"]
[Source "ChessBase"]
[SourceDate "2014.11.20"]
[SourceVersion "1"]
[SourceVersionDate "2014.11.20"]
[SourceQuality "1"]

1. e4 c5 2. Nf3 d6 3. d4 cxd4 4. Nxd4 Nf6 5. Nc3 a6 6. Be2 e5 7. Nb3 Be6 8. Bg5 Be7 9. Qd2 Nbd7 10. 0-0-0 b5 11. Bf3 b4 12. Ne2 a5 13. Kb1 h6 14. Bh4 g5 15. Bxg5 hxg5 16. Qxg5 Qb6 17. Qd2 Qxf2 18. Rdf1 Qb6 19. h4 Rc8 20. h5 Rc4 21. Ng3 Rg8 22. Nf5 Nxe4 23. Bxe4 Rxe4 24. h6 Reg4 25. h7 Rh8 26. Qe2 Nf6 27. Qf3 Bxf5 28. Qxf5 Rg7 29. g4 Rxg4 30. Qc8+ Qd8 31. Qc6+ Kf8 32. Nxa5 Rg7 33. Nb7 Qd7 34. Rxf6 Qxc6 0-1

[Event "St Leon Rot op"]
[Site "St Leon Rot"]
[Date "2011.12.28"]
[Round "3"]
[White "Herm, Marcel"]
[Black "White, Herbert"]
[Result "0-1"]
[WhiteElo "1539"]
[BlackElo "1898"]
[PlyCount "58"]
[EventDate "2011.12.27"]
[EventType "swiss"]
[EventRounds "7"]
[EventCountry "GER"]
[SourceTitle "CBM 146 Extra"]
[Source "ChessBase"]
[SourceDate "2012.02.29"]
[SourceVersion "1"]
[SourceVersionDate "2012.02.29"]
[SourceQuality "1"]

1. e4 g6 2. d4 Bg7 3. Nc3 d6 4. Be3 Nf6 5. h3 0-0 6. Bc4 a6 7. Qd2 Re8 8. 0-0-0 b5 9. Bb3 b4 10. Nd5 Nxe4 11. Qxb4 e6 12. Nf4 a5 13. Qe1 d5 14. Ba4 Bd7 15. Bxd7 Nxd7 16. f3 Nd6 17. Kb1 Qb8 18. Bc1 Nc4 19. Ka1 c5 20. Nd3 Bxd4 21. h4 a4 22. Ne2 Bg7 23. c3 Qb7 24. h5 Reb8 25. hxg6 hxg6 26. f4 Nxb2 27. Bxb2 a3 28. Bxa3 Rxa3 29. Rb1 Rxa2+ 0-1

[Event "St Leon Rot op"]
[Site "St Leon Rot"]
[Date "2011.12.27"]
[Round "1"]
[White "Herm, Marcel"]
[Black "Spieker, Michael"]
[Result "0-1"]
[WhiteElo "1539"]
[BlackElo "2085"]
[PlyCount "134"]
[EventDate "2011.12.27"]
[EventType "swiss"]
[EventRounds "7"]
[EventCountry "GER"]
[SourceTitle "CBM 146 Extra"]
[Source "ChessBase"]
[SourceDate "2012.02.29"]
[SourceVersion "1"]
[SourceVersionDate "2012.02.29"]
[SourceQuality "1"]

1. e4 c5 2. Nf3 Nc6 3. d4 cxd4 4. Nxd4 Nf6 5. Nc3 e5 6. Ndb5 d6 7. Bg5 a6 8. Na3 b5 9. Nd5 Be7 10. Bxf6 Bxf6 11. c3 0-0 12. Nc2 Rb8 13. Be2 Bg5 14. 0-0 a5 15. a3 Be6 16. Qd3 Ne7 17. Nxe7+ Qxe7 18. b4 a4 19. Ne3 Bxe3 20. Qxe3 Rfc8 21. Rfd1 Bc4 22. Bxc4 Rxc4 23. Rac1 Qc7 24. Rd3 Rc8 25. f3 h6 26. Kf2 Rb8 27. Qd2 Rb6 28. Qe3 Rbc6 29. Qd2 Kf8 30. Ke2 Qb6 31. Qe3 Ke7 32. Qxb6 Rxb6 33. Rd5 Kd7 34. Kd2 Kc7 35. Kd3 Kc6 36. Ke3 Rb7 37. Rd3 Rd7 38. Rcd1 g6 39. Kf2 f5 40. Re1 fxe4 41. Rxe4 Rxe4 42. fxe4 d5 43. Rg3 Rd6 44. Ke3 Rf6 45. Rh3 g5 46. Kd3 Kd6 47. exd5 Kxd5 48. Rg3 Rf2 49. Rg4 Ra2 50. h4 gxh4 51. Rxh4 Rxg2 52. Rxh6 e4+ 53. Ke3 Rg3+ 54. Kd2 e3+ 55. Kd3 e2+ 56. Kxe2 Rxc3 57. Rh5+ Kc4 58. Rc5+ Kb3 59. Rxb5 Kxa3 60. Kd2 Kb2 61. Ra5 a3 62. b5 Rb3 63. b6 a2 64. b7 a1Q 65. Ra8 Qc1+ 66. Ke2 Re3+ 67. Kf2 Qd2+ 0-1